駅名(漢字表記)を逆から書くと別の駅になる駅 - Statistics

General Stats
  • This quiz has been taken 89 times
  • The average score is 31 of 174
Answer Stats
都道府県 駅名 読み % Correct
東京都 田町 たまち
68%
岡山県 田町 たまち
68%
東京都 町田 まちだ
67%
大阪府 野田 のだ
53%
大阪府 野田 のだ
53%
高知県 田野 たの
50%
宮崎県 田野 たの
50%
東京都 上野 うえの
44%
長野県 田中 たなか
42%
岩手県 田山 たやま
42%
東京都 山田 やまだ
42%
岐阜県 山田 やまだ
42%
大阪府 山田 やまだ
42%
長野県 上田 うえだ
41%
新潟県 田上 たがみ
41%
徳島県 中田 ちゅうでん
41%
青森県 中田 なかた
41%
神奈川県 中田 なかだ
41%
埼玉県 野上 のがみ
41%
愛知県 本山 もとやま
41%
香川県 本山 もとやま
41%
長崎県 本山 もとやま
41%
兵庫県 山本 やまもと
41%
佐賀県 山本 やまもと
41%
岡山県 岡山 おかやま
40%
岐阜県 山岡 やまおか
40%
静岡県 島田 しまだ
33%
山口県 島田 しまた
33%
栃木県 田島 たじま
33%
兵庫県 田原 たはら
33%
静岡県 原田 はらだ
33%
福岡県 原田 はるだ
33%
東京都 中野 なかの
28%
群馬県 中野 なかの
28%
長野県 中野 なかの
28%
長崎県 野中 のなか
28%
宮城県 北山 きたやま
26%
栃木県 北山 きたやま
26%
京都府 北山 きたやま
26%
高知県 北山 きたやま
26%
神奈川県 山北 やまきた
26%
京都府 木野 きの
24%
栃木県 野木 のぎ
24%
京都府 下山 しもやま
23%
高知県 下山 しもやま
23%
宮城県 山下 やました
23%
東京都 山下 やました
23%
兵庫県 山下 やました
23%
宮崎県 田吉 たよし
22%
新潟県 吉田 よしだ
22%
大阪府 吉田 よした
22%
静岡県 井川 いかわ
21%
岡山県 浦田 うらだ
21%
福岡県 浦田 うらた
21%
東京都 川井 かわい
21%
神奈川県 田浦 たうら
21%
新潟県 西山 にしやま
21%
福岡県 西山 にしやま
21%
愛媛県 山西 やまにし
21%
宮城県 沢田 さわだ
19%
北海道 島松 しままつ
19%
長野県 田沢 たざわ
19%
宮城県 松島 まつしま
19%
北海道 山崎 やまさき
19%
愛知県 山崎 やまざき
19%
京都府 山崎 やまざき
19%
栃木県 田沼 たぬま
18%
岡山県 知和 ちわ
18%
群馬県 沼田 ぬまた
18%
東京都 谷保 やほ
18%
京都府 和知 わち
18%
東京都 神田 かんだ
17%
長崎県 神田 こうだ
17%
福岡県 崎山 さきやま
17%
岐阜県 田神 たがみ
17%
東京都 保谷 ほうや
17%
山口県 下松 くだまつ
15%
大阪府 下松 しもまつ
15%
鹿児島県 谷山 たにやま
15%
鹿児島県 谷山 たにやま
15%
長野県 田畑 たばた
15%
香川県 畑田 はただ
15%
三重県 松下 まつした
15%
佐賀県 山谷 やまだに
15%
和歌山県 山東 さんどう
14%
京都府 東山 ひがしやま
14%
奈良県 東山 ひがしやま
14%
鳥取県 上道 あがりみち
13%
静岡県 家山 いえやま
13%
千葉県 浦安 うらやす
13%
鳥取県 浦安 うらやす
13%
愛知県 川宮 かわみや
13%
岡山県 上道 じょうとう
13%
広島県 安浦 やすうら
13%
京都府 山家 やまが
13%
秋田県 前山 まえやま
12%
三重県 宮川 みやがわ
12%
栃木県 山前 やままえ
12%
茨城県 佐和 さわ
10%
群馬県 城東 じょうとう
10%
長野県 田立 ただち
10%
高知県 立田 たてだ
10%
広島県 東城 とうじょう
10%
愛知県 富吉 とみよし
10%
鳥取県 中浜 なかはま
10%
北海道 浜中 はまなか
10%
京都府 吉富 よしとみ
10%
福岡県 吉富 よしとみ
10%
和歌山県 和佐 わさ
10%
京都府 市原 いちはら
9%
新潟県 内野 うちの
9%
長崎県 浦上 うらかみ
9%
福岡県 上浦 かみうら
9%
三重県 鳥羽 とば
9%
青森県 野内 のない
9%
茨城県 羽鳥 はとり
9%
埼玉県 原市 はらいち
9%
栃木県 原向 はらむこう
9%
広島県 道上 みちのうえ
9%
東京都 向原 むこうはら
9%
広島県 向原 むかいはら
9%
長崎県 市布 いちぬの
8%
福島県 川前 かわまえ
8%
北海道 北浜 きたはま
8%
大阪府 北浜 きたはま
8%
福岡県 瀬高 せたか
8%
山形県 高瀬 たかせ
8%
香川県 高瀬 たかせ
8%
山形県 津谷 つや
8%
富山県 布市 ぬのいち
8%
静岡県 浜北 はまきた
8%
新潟県 前川 まえかわ
8%
千葉県 谷津 やつ
8%
埼玉県 坂戸 さかど
6%
大分県 野矢 のや
6%
広島県 戸坂 へさか
6%
広島県 矢野 やの
6%
埼玉県 川角 かわかど
5%
宮城県 下馬 げば
5%
新潟県 水原 すいばら
5%
岐阜県 角川 つのがわ
5%
熊本県 原水 はらみず
5%
新潟県 馬下 まおろし
5%
愛媛県 出目 いずめ
4%
秋田県 川辺 かわべ
4%
愛媛県 郡中 ぐんちゅう
4%
福井県 神明 しんめい
4%
福岡県 添田 そえだ
4%
富山県 田添 たぞえ
4%
山形県 中郡 ちゅうぐん
4%
大阪府 出戸 でと
4%
富山県 戸出 といで
4%
大阪府 豊中 とよなか
4%
鹿児島県 中郡 なかごおり
4%
福島県 中豊 なかとよ
4%
徳島県 辺川 へがわ
4%
栃木県 明神 みょうじん
4%
山口県 目出 めで
4%
大阪府 石切 いしきり
3%
宮城県 鹿妻 かづま
3%
長野県 切石 きりいし
3%
熊本県 木葉 このは
3%
山口県 地福 じふく
3%
福岡県 津古 つこ
3%
熊本県 葉木 はき
3%
愛知県 福地 ふくち
3%
新潟県 古津 ふるつ
3%
兵庫県 妻鹿 めが
3%
京都府 稲荷 いなり
1%
千葉県 海神 かいじん
1%
高知県 荷稲 かいな
1%
岐阜県 神海 こうみ
1%
愛知県 越戸 こしど
1%
東京都 戸越 とごし
1%
No matching quizzes found
Score Distribution
Percent of People with Each Score
Percentile by Number Answered
Your Score History
You have not taken this quiz